000 00698cam a2200217u 4500
001 85358
003 BD-RjUL
005 20250729130111.0
008 250728s1924 enk 000 0 eng
035 _a[BD-RjUL] 85358
040 _aDLC
_cCarP
_dDLC
_beng
041 _aeng
082 _221
_a839.82
_bBJT 1899
100 1 _aBjørnson, Bjørnstjerne,
_d1832-1910.
_916327
245 0 0 _aThree dramas /
_cby Bjornstjerne Bjornsson
260 _aLondon,
_bJ. M. Dent & sons, ltd.;
_aNew York,
_bE. P. Dutton & co., inc.
_c[1924]
300 _axv, 291 p.
_c18 cm.
338 _avolume
_bnc
_2rdacarrier
700 1 _aSharp, R. Farquharson
_q(Robert Farquharson),
_d1864-1945,
_etr.
_916328
942 _2ddc
_cBK
999 _c85358
_d85358